Ziggy / (Record no. 1203)

MARC details
000 -LEADER
fixed length control field 01224cam a22003497a 4500
005 - DATE AND TIME OF LATEST TRANSACTION
control field 20250710085040.0
020 ## - INTERNATIONAL STANDARD BOOK NUMBER
International Standard Book Number 9780545253956
040 ## - CATALOGING SOURCE
Original cataloging agency BTCTA
Language of cataloging eng
Transcribing agency BTCTA
Modifying agency BKX
-- TEF
-- SINLB
-- CGB
-- AU@
-- QS4
-- OCLCQ
-- BDX
-- OCLCO
-- DLC
050 00 - LIBRARY OF CONGRESS CALL NUMBER
Classification number PZ7.M59433
Item number Zi 2011
082 04 - DEWEY DECIMAL CLASSIFICATION NUMBER
Classification number Fic
Edition number 22
100 1# - MAIN ENTRY--PERSONAL NAME
Personal name Miles, Ellen.
245 10 - TITLE STATEMENT
Title Ziggy /
Remainder of title Where every puppy finds a home
260 ## - PUBLICATION, DISTRIBUTION, ETC.
Place of publication, distribution, etc. New York :
Name of publisher, distributor, etc. Scholastic,
Date of publication, distribution, etc. 2010.
300 ## - PHYSICAL DESCRIPTION
Extent 83 pages ;
Dimensions 20 cm
Other physical details Illustrations ;
490 ## - SERIES STATEMENT
Series statement The Puppy Place
500 ## - GENERAL NOTE
General note "Where every puppy finds a home"--Cover.
505 ## - FORMATTED CONTENTS NOTE
Formatted contents note Q <br/>
520 ## - SUMMARY, ETC.
Summary, etc. Charles and his family foster the dachshund puppy Ziggy until they find him an owner, but when Ziggy runs away, Charles is determined to find him.
521 0# - TARGET AUDIENCE NOTE
Target audience note 710 <br/>
Source Lexile <br/>
521 1# - TARGET AUDIENCE NOTE
Target audience note Q <br/><br/>
Source Raz-Plus <br/>
650 #0 - SUBJECT ADDED ENTRY--TOPICAL TERM
Topical term or geographic name entry element Puppies
Form subdivision Juvenile fiction.
650 #0 - SUBJECT ADDED ENTRY--TOPICAL TERM
Topical term or geographic name entry element Dog rescue
Form subdivision Juvenile fiction.
650 #1 - SUBJECT ADDED ENTRY--TOPICAL TERM
Topical term or geographic name entry element Dogs
Form subdivision Fiction.
650 #1 - SUBJECT ADDED ENTRY--TOPICAL TERM
Topical term or geographic name entry element Dog rescue
Form subdivision Fiction.
650 #7 - SUBJECT ADDED ENTRY--TOPICAL TERM
Topical term or geographic name entry element Dogs
Form subdivision Fiction.
Source of heading or term sears
650 #7 - SUBJECT ADDED ENTRY--TOPICAL TERM
Topical term or geographic name entry element Animal babies
Form subdivision Fiction.
Source of heading or term sears
650 #7 - SUBJECT ADDED ENTRY--TOPICAL TERM
Topical term or geographic name entry element Animal babies
Form subdivision Juvenile fiction.
Source of heading or term sears
655 #0 - INDEX TERM--GENRE/FORM
Genre/form data or focus term Children's stories.
906 ## - LOCAL DATA ELEMENT F, LDF (RLIN)
a 7
b cbc
c copycat
d 2
e ncip
f 20
g y-gencatlg
942 ## - ADDED ENTRY ELEMENTS (KOHA)
Source of classification or shelving scheme Dewey Decimal Classification
Koha item type Books
Suppress in OPAC No
999 ## -
-- 1203
-- 1203
Holdings
Withdrawn status Lost status Source of classification or shelving scheme Damaged status Not for loan Collection Home library Current library Shelving location Date acquired Total Checkouts Full call number Barcode Date last seen Price effective from Koha item type Copy number
    Dewey Decimal Classification     Juvenile Fiction Footprints International School Library Network Toul Tom Poung Campus Footprints International School Library Network Toul Tom Poung Campus TTP Primary Orange Bookshelves 08/08/2023   MIL Fic PZ7.M59433 FIS00624 04/23/2025 08/08/2023 Books  
    Dewey Decimal Classification     Juvenile Fiction Footprints International School Library Network Toul Tom Poung Campus Footprints International School Library Network Toul Tom Poung Campus TTP Primary Orange Bookshelves 07/10/2025   MIL Fic PZ7.M59433 FISBK00584 07/10/2025 07/10/2025 Books 2